00430nam a2200157Ia 45000030006000000050017000060080041000230200018000640400009000820410012000910820022001031000019001252450084001442600036002283000008002640Nust20170105110251.0161124s9999 xx 000 0 und d a0-415-18962-4 cIGIS aEnglish a621.36 78 21bGIB aGibson.Paul J. aIntroductory Remote Sensing Digital Image Processing and Applications (with CD) aFrancis LondonbRoutledgec2000 a249